01480nam a2200373Ia 4500001001200000003000800012006001900020007001500039008004100054010001700095020001500112020001700127020002200144040002100166035002000187050002500207082002300232100002100255245013500276260005700411300002400468490004600492504003900538533015200577650003900729650004000768650003700808655002900845700002500874710001700899830004700916856012600963999001701089ebr10060963CaPaEBRm u cr cn|||||||||870925s1986 enka sb 001 0 eng d z 86226263  z0203479378 z0422799009 : z0422799106 (pbk.) aCaPaEBRcCaPaEBR a(OCoLC)5090014814aHV700.G7bJ35 1986eb04a362.8/253/09412191 aJames, Adrian L.10aCouples, conflict, and changeh[electronic resource] :bsocial work with marital relationships /cAdrian L. James and Kate Wilson. aLondon ;aNew York :bTavistock Publications,c1986. axii, 241 p. :bill.1 aTavistock library of social work practice aIncludes bibliography and indexes. aElectronic reproduction.bPalo Alto, Calif. :cebrary,d2009.nAvailable via World Wide Web.nAccess may be limited to ebrary affiliated libraries. 0aFamily social workzGreat Britain. 0aMarriage counselingzGreat Britain. 0aMarital conflictzGreat Britain. 7aElectronic books.2local1 aWilson, Kate,d1943-2 aebrary, Inc. 0aTavistock library of social work practice.40uhttp://site.ebrary.com/lib/rucke/Doc?id=10060963zAn electronic book accessible through the World Wide Web; click to view c46599d46599